Hypothermia / (Record no. 3012)
[ view plain ]
| 000 -LEADER | |
|---|---|
| fixed length control field | 00741nam a2200217 ar4500 |
| 001 - CONTROL NUMBER | |
| control field | 3014 |
| 005 - DATE AND TIME OF LATEST TRANSACTION | |
| control field | 20221127090646.0 |
| 008 - FIXED-LENGTH DATA ELEMENTS--GENERAL INFORMATION | |
| fixed length control field | 121224s xxk 0001f|eng d |
| 020 ## - INTERNATIONAL STANDARD BOOK NUMBER | |
| International Standard Book Number | 9781846552625(pbk) : |
| Terms of availability | SR00.00 |
| 082 04 - DEWEY DECIMAL CLASSIFICATION NUMBER | |
| Classification number | 839.693 |
| Item number | In2 2009 |
| 100 1# - MAIN ENTRY--PERSONAL NAME | |
| Personal name | Indridason, Arnaldur. |
| 245 10 - TITLE STATEMENT | |
| Title | Hypothermia / |
| Statement of responsibility, etc. | A. Indridason ; translated by Victoria Cribb. |
| 260 ## - PUBLICATION, DISTRIBUTION, ETC. | |
| Place of publication, distribution, etc. | London : |
| Name of publisher, distributor, etc. | Harvill Secker, |
| Date of publication, distribution, etc. | 2009. |
| 300 ## - PHYSICAL DESCRIPTION | |
| Extent | 314 p. ; |
| Dimensions | 24 cm. |
| 500 ## - GENERAL NOTE | |
| General note | First published in Iceland as Hardskafi. 2007. |
| 650 #4 - SUBJECT ADDED ENTRY--TOPICAL TERM | |
| Topical term or geographic name entry element | Icelandic fiction |
| General subdivision | Translations into English. |
| 650 #4 - SUBJECT ADDED ENTRY--TOPICAL TERM | |
| Topical term or geographic name entry element | Detective and mystery stories. |
| 650 #4 - SUBJECT ADDED ENTRY--TOPICAL TERM | |
| Topical term or geographic name entry element | Murder |
| Geographic subdivision | Iceland |
| Form subdivision | Fiction. |
| 650 #4 - SUBJECT ADDED ENTRY--TOPICAL TERM | |
| Topical term or geographic name entry element | Icelandic literature |
| General subdivision | 20th century. |
| 700 0# - ADDED ENTRY--PERSONAL NAME | |
| Personal name | cribb, Victoria, |
| Relator term | translator. |
| Withdrawn status | Lost status | Source of classification or shelving scheme | Damaged status | Not for loan | Home library | Current library | Date acquired | Total Checkouts | Full call number | Barcode | Date last seen | Copy number | Price effective from | Koha item type |
|---|---|---|---|---|---|---|---|---|---|---|---|---|---|---|
| 11/27/2022 | 839.693 In2 2009 | 1000000010822 | 11/27/2022 | c1 | 11/27/2022 | Book |
